Bimealismo internacional (Record no. 6463)
[ view plain ]
| 000 -CABECERA | |
|---|---|
| campo de control de longitud fija | 00716nam a2200217 a 4500 |
| 001 - NÚMERO DE CONTROL | |
| campo de control | BRCA_6780 |
| 005 - FECHA Y HORA DE LA ÚLTIMA TRANSACCIÓN | |
| campo de control | 20190320205604.0 |
| 008 - DATOS DE LONGITUD FIJA--INFORMACIÓN GENERAL | |
| campo de control de longitud fija | 261011s1943----ag-#######---#000-0#----# |
| 050 #4 - SIGNATURA TOPOGRÁFICA DE LA BIBLIOTECA DEL CONGRESO | |
| Número de clasificación | HG312 |
| Número de documento/Ítem | .B76 1943 |
| 245 10 - MENCIÓN DE TÍTULO | |
| Título | Bimealismo internacional |
| Resto del título | el patrón monetario más apropiado para la situación del mundo después de la guerra |
| Mención de responsabilidad, etc. | por Francis H. Brownell; traducción. por Enrique M. Sobral |
| 260 ## - PUBLICACIÓN, DISTRIBUCIÓN, ETC. | |
| Lugar de publicación, distribución, etc. | [s.l.] |
| Nombre del editor, distribuidor, etc. | [s.n.] |
| Fecha de publicación, distribución, etc. | [1943] |
| 300 ## - DESCRIPCIÓN FÍSICA | |
| Extensión | 29 p. |
| Dimensiones | 23 cm. |
| 500 ## - NOTA GENERAL | |
| Nota general | I142 |
| 650 14 - PUNTO DE ACCESO ADICIONAL DE MATERIA--TÉRMINO DE MATERIA | |
| Término de materia o nombre geográfico como elemento de entrada | Bimetalismo |
| 9 (RLIN) | 16912 |
| 650 14 - PUNTO DE ACCESO ADICIONAL DE MATERIA--TÉRMINO DE MATERIA | |
| Término de materia o nombre geográfico como elemento de entrada | Oro |
| 9 (RLIN) | 15666 |
| 650 14 - PUNTO DE ACCESO ADICIONAL DE MATERIA--TÉRMINO DE MATERIA | |
| Término de materia o nombre geográfico como elemento de entrada | Polítíca Monetaria |
| 9 (RLIN) | 15900 |
| 700 1# - PUNTO DE ACCESO ADICIONAL--NOMBRE DE PERSONA | |
| Nombre de persona | Brownell, Francis H. |
| 9 (RLIN) | 16913 |
| 700 1# - PUNTO DE ACCESO ADICIONAL--NOMBRE DE PERSONA | |
| Nombre de persona | Sobral, Enrique M. |
| Término indicativo de función/relación | Traductor |
| 9 (RLIN) | 16914 |
| 902 ## - CATALOGADOR | |
| Iniciales | GFM |
| 942 ## - ELEMENTOS DE PUNTO DE ACCESO ADICIONAL (KOHA) | |
| Fuente del sistema de clasificación o colocación | Library of Congress Classification |
| Tipo de ítem Koha | Libros |
| Estado de retiro | Estado de pérdida | Estado dañado | No para préstamo | Localización permanente | Ubicación/localización actual | Fecha de adquisición | Número de inventario | Total de préstamos | Signatura topográfica completa | Código de barras | Fecha visto por última vez | Precio válido a partir de | Tipo de ítem Koha |
|---|---|---|---|---|---|---|---|---|---|---|---|---|---|
| El ejemplar forma parte de la colección y puede ser consultado según las políticas vigentes. | Biblioteca del Museo Franz Mayer (Rogerio Casas-Alatriste) | Biblioteca del Museo Franz Mayer (Rogerio Casas-Alatriste) | 26/10/2011 | I142 | HG312 .B76 1943 (I142) | 7227 | 22/03/2019 | 22/03/2019 | Libros |